Inopinada y blanca y brilladoramente

Shranjeno v:
Bibliografske podrobnosti
Glavni avtor: Poblete, Veronica (Author)
Format: Knjiga
Jezik:španščina
Izdano: Santiago Documentos 1987
Serija:Documentos. Literatura
Teme:
Oznake: Označite
Brez oznak, prvi označite!

MARC

LEADER 00000nam a2200000 a 4500
001 UCX1783
003 CL-VaPUC
008 901031e19870000CL |||||||||||||||||spa|d
082 0 4 |a Ch863  |b POB  |2 21 
100 0 |a Poblete, Veronica  |e author  |9 317468 
245 1 0 |a Inopinada y blanca y brilladoramente 
300 |a 112 p 
942 |c BK 
945 |d 19901031 00:00:00 
260 |a Santiago  |b Documentos  |c 1987 
650 0 |a Novelas chilenas   |9 265425 
583 |a last modification  |c 19901031 00:00:00  |k Rodrigo Vera 
490 0 |a Documentos. Literatura 
999 |c 222947  |d 222945 
952 |0 0  |1 0  |4 0  |6 CH_863_000000000000000_POB_1987  |7 0  |8 A  |9 218272  |a BIBEDU  |b BIBEDU  |d 2019-11-15  |i 2871084  |o Ch863 POB 1987  |p 2871084  |r 2019-11-15  |w 2019-11-15  |y BK  |k LIT